Adivina los futbolistas por sus trayectorias profesionales #2 - Estadísticas

Estadísticas generales
  • Esta prueba ha sido intentada 8.044 veces
  • La puntuación promedio es 7 de 10
Estadísticas de respuestas
Jugadores Clubes % Correcto
Cristiano Ronaldo 7ca373efbd-450.webp 002d09d37e-450.webp 1859746d75-450.webp 017c04bd3a-450.webp 002d09d37e-450.webp 8ff436ed3f-450.webp
97%
Lionel Messi fd9dac956b-450.webp b99666a988-450.webp b0418ba367-450.webp
97%
Zlatan Ibrahimovic d6b9f661cb-450.webp 830bcfe083-450.webp017c04bd3a-450.webp a252a5be9f-450.webp fd9dac956b-450.webp da3e8d7bcf-450.webp b99666a988-450.webp 002d09d37e-450.webp fe396b815b-450.webp 002d09d37e-450.webp
87%
Iker Casillas 1859746d75-450.webp c33c4f0d5b-450.webp
80%
Paolo Maldini | Franco Baresi da3e8d7bcf-450.webp
77%
Kaká 364437e974-450.webp da3e8d7bcf-450.webp 1859746d75-450.webp da3e8d7bcf-450.webp e8365cd0e3-450.webp 364437e974-450.webp e8365cd0e3-450.webp
74%
Thierry Henry 58a080bcea-450.webp 017c04bd3a-450.webp 4d42caeadf-450.webp fd9dac956b-450.webp c6110a534b-450.webp 4d42caeadf-450.webp c6110a534b-450.webp
70%
Steven Gerrard ebc77d0a75-450.webp fe396b815b-450.webp
69%
Petr Čech 4a13eac46f-450.webp 69d4c3d8e9-450.webp 7c4013c903-450.webp 1bebf7b35a-450.webp 4d42caeadf-450.webp
36%
Ruud Gullit 13c9207e49-450.webp 436b259b86-450.webp 5349c0d1dd-450.webp da3e8d7bcf-450.webp 0b3af2ae90-450.webp 1bebf7b35a-450.webp
32%
No se encontraron pruebas coincidentes
Distribución de puntuación
Porcentaje de gente con cada puntuación
Porcentaje por número respondido
Historial de tus puntuaciones
No has intentado esta prueba.